| 000 | 00775nam a2200253 a 4500 | ||
|---|---|---|---|
| 999 |
_c12454 _d12454 |
||
| 001 | 12454 | ||
| 003 | BD-JhCC | ||
| 005 | 20220217132715.0 | ||
| 008 | 220217b2007 enk |||| ||a| 001 0 eng d | ||
| 020 | _a9781565644380 | ||
| 035 | _a(BD-JhCC)12454 | ||
| 040 |
_aBD-JhCC _dBD-JhCC |
||
| 041 | _aEnglish | ||
| 082 |
_a340.59 _bATT 2007 |
||
| 100 | _aAttia, Gamal Eldin | ||
| 245 |
_aTowards Realization Of The Higher Intents Of Islamic Law / _cGamal Eldin Attia, Tran: Nancy Roberts. |
||
| 260 |
_aLondon : _bThe International Institute Of Islamic Thought; _c2007. |
||
| 300 |
_a293 p. : _c22 cm. |
||
| 650 | _aIslam Law -----Interpretation and Construction | ||
| 650 | _aIslamic Law --Philosophy | ||
| 700 | _aRoberts,Nancy | ||
| 942 |
_2ddc _cBK |
||